Exploring the role of content marketing as a sustainability communication strategy in online audience engagement Scoping review

Bibliográfiai részletek
Szerző: Tribak Imad
Dokumentumtípus: Könyv része
Megjelent: Budapesti Gazdaságtudományi Egyetem Budapest, Magyarország 2026
Sorozat:ESG - Risk Management or New Sustainability? VIII.BUEB International Sustainability Student ConferenceProceedings - Budapest University of Economics and Business 2025
Tárgyszavak:
doi:10.29180/978-615-6886-27-9_16

Kulcsszavak:content marketing
Sustainability Communication
Online Audience Engagement
Online Access:http://publikaciotar.uni-bge.hu/2646

MARC

LEADER 00000naa a2200000 i 4500
001 publ2646
005 20260401101100.0
008 260326s2026 hu o 000 zxx d
020 |a 978-615-6886-27-9 
024 |a 10.29180/978-615-6886-27-9_16  |2 doi 
040 |a BGE Publikációtár Repozitórium  |b hun 
100 1 |a Tribak Imad 
245 1 0 |a Exploring the role of content marketing as a sustainability communication strategy in online audience engagement  |b Scoping review  |c Tribak Imad  |h [elektronikus dokumentum] 
260 |a Budapesti Gazdaságtudományi Egyetem  |b Budapest, Magyarország  |c 2026 
300 |a 1-37 
490 0 |a ESG - Risk Management or New Sustainability? VIII.BUEB International Sustainability Student ConferenceProceedings - Budapest University of Economics and Business 2025 
650 4 |a média- és kommunikációs tudományok 
695 |a content marketing 
695 |a Sustainability Communication 
695 |a Online Audience Engagement 
856 4 0 |u https://publikaciotar.uni-bge.hu/id/eprint/2646/1/SUS%20Conference%20Proceedings%20-%20ESG%20Risk%20Managenemt_16.cikk.pdf  |z Dokumentum-elérés